000 01168nam a2200337 i 4500
001 000006869
003 DO-SdBNP
005 20240827115435.0
007 ta
008 090903s1996 dr 000 0 spa d
040 _aDO-SdBNP
_bspa
_cBNPHU
_erda
041 _aspa
082 4 _a291.092
_bR666b
_222
100 1 _aBello Peguero, Rafael,
_d1932-2022
_92405
_eautor
245 1 3 _aEl padre Robles Toledano /
_cMonseñor Rafael Bello Peguero, Pbro.
250 _aPrimera edición
264 1 _aSanto Domingo :
_bAmigo del Hogar,
_c1996.
300 _a105 páginas ;
_c23 cm.
336 _2rdacontent
_atexto
_btxt
337 _2rdamedia
_asin mediación
_bn
338 _2rdacarrier
_avolumen
_bnc
490 0 _aHombres de Iglesia ;
_v11
500 _aIncluye referencias bibliográficas y notas al pie de las páginas.
504 _aIncluye bibliografía y notas al pie de páginas.
590 _aInventariado, 2024/ YL
600 1 4 _aRobles Toledano, Oscar Antonio,
_cPadre,
_d1912-1992
_919067
650 0 _aClero
_919068
650 4 _aIglesia católica
_zRepública Dominicana
_xHistoria
_9358
910 _aValidado. Control de calidad EMS
942 _2ddc
_cLBS1
999 _c6657
_d6657